000 00837nam a2200241 a 4500
001 64829
003 BD-RjUL
005 20211209081344.0
008 170223s1930 enkb 001 0 eng
035 _a(BD-RjUL)64959
040 _aDLC
_cODa
_dNcGU
_dBD-RjUL
_beng
041 _aeng
082 _a915.69
_223
_bHAN 1930
245 1 4 _aThe handbook of Palestine and Trans-Jordan,
_cedited by Harry Charles Luke ... and Edward Keith-Roach ... with introductions by Sir John Chancellor ... and the Right Hon. Sir Herbert Samuel ...
250 _a2d ed. ...
260 _aLondon :
_bMacmillan and Co., Limited,
_c1930.
300 _axvi, 505 p. m:
_bill, ;
_c19 cm.
651 0 _aPalestine.
_9192216
651 0 _aJordan.
_9192217
700 2 _aKeith-Roach, Edward,
_d1885-1954.
_9192218
700 2 _aLuke, Harry,
_9192219
942 _2ddc
_cBK
999 _c64829
_d64829